Real Adjustment in The Economic Transformation Process <The> Industrial Sector of Vietnam 1986-1992

Salvato in:
Dettagli Bibliografici
Autore principale: Diehl, Markus
Natura: Libro
Lingua:inglese
Pubblicazione: Kiel Institut für Weltwirtschaft 1994
Serie:Kiel Working Paper No.597
Soggetti:
Tags: Aggiungi Tag
Nessun Tag, puoi essere il primo ad aggiungerne!!

MARC

LEADER 00000nam a2200000 4500
001 c010653
005 20250521093041.8
041 0 |a eng 
044 |a DE 
245 1 0 |a Real Adjustment in The Economic Transformation Process  |b <The> Industrial Sector of Vietnam 1986-1992  |c Markus Diehl 
264 1 |a Kiel  |b Institut für Weltwirtschaft  |c 1994 
300 |a 30 s. 
490 1 |a Kiel Working Paper  |v No.597 
830 0 |a Kiel Working Paper  |v No.597 
610 2 0 |a transformácia 
610 2 0 |a priemysel 
610 2 0 |a rozvoj hospodársky 
610 2 0 |a politika hospodárska 
610 2 0 |a Vietnam 
100 1 |a Diehl, Markus